000 00496nam a2200181Ia 4500
005 20250326125422.0
008 250326s9999 xx 000 0 und d
037 _aTextbook
040 _aFMSL
_beng
_cFMSL
041 _aeng
_2eng
084 _aZ333 N8;2
_qFMSL
100 _aBrahmalah B
_9739048
245 0 _aLease ficing: theory and practice
_cBrahmalah B
260 _aDelhi
_bDelhi, Himalaya
_c1998
300 _a316p
942 _cTB
_hZ333 N8;2
999 _c1277973
_d1277973